"Big 6" a změny po našem

Pod skratkou "Big 6" je zakódovaný model americkej filozofie riadenia roku 2000. Jedná sa o 6 základných metód či princípov riadenia firiem. V Európe sú tieto princípy viac-menej využívané a sú označované ako systémy riadenia kvality. Uplatňovanie systémov riadenia kvality v praxi (JIT, MBF, BPR, LO...

Celý popis

Uložené v:
Podrobná bibliografia
Hlavný autor: Noss, Jiří
Médium: Kapitola
Jazyk:Czech
Predmet:
Tagy: Pridať tag
Žiadne tagy, Buďte prvý, kto otaguje tento záznam!

MARC

LEADER 00000naa a2200000 4500
001 r038546
005 20231002100625.8
041 0 |a cze 
044 |a CZ 
245 1 0 |a "Big 6" a změny po našem  |c Jiří Noss 
520 |a Pod skratkou "Big 6" je zakódovaný model americkej filozofie riadenia roku 2000. Jedná sa o 6 základných metód či princípov riadenia firiem. V Európe sú tieto princípy viac-menej využívané a sú označované ako systémy riadenia kvality. Uplatňovanie systémov riadenia kvality v praxi (JIT, MBF, BPR, LO, TOC). 
610 2 0 |a riadenie kvality 
610 2 0 |a riadenie podnikové 
610 2 0 |a spotrebitelia 
610 2 0 |a stratégia podniková 
610 2 0 |a stratégia obchodná 
610 2 0 |a manažment 
610 2 0 |a konkurencia 
100 1 |a Noss, Jiří